Pick the US President Quiz Stats

Quiz Updated Jan 12, 2016

Challenge
Share
Tweet
Score 0/44 Timer 05:00
17 Plays Today
% Correct
Obama
89.4%
Washington
89.3%
Lincoln
89%
Clinton
88.8%
Kennedy
88.7%
Reagan
87.3%
G.W. Bush
85%
Nixon
84.7%
Carter
84.5%
J. Adams
84%
G.H.W. Bush
83.3%
L. Johnson
81.5%
Jefferson
80.3%
Ford
80%
Eisenhower
79.5%
T. Roosevelt
78%
Truman
77.1%
Cleveland
76.2%
Cleveland
75.7%
Jackson
73.3%
Madison
71.5%
Grant
70.2%
% Correct
Wilson
68.8%
F. Roosevelt
68.5%
Taft
66.9%
J.Q. Adams
66.3%
Monroe
66.3%
Hoover
63.4%
A. Johnson
63.2%
Van Buren
58.7%
Coolidge
58.6%
Buchanan
56.5%
Harding
55.8%
McKinley
55%
Pierce
52.9%
Arthur
52.1%
Hayes
50.9%
Tyler
49.6%
W.H. Harrison
48.6%
Garfield
47.2%
Fillmore
46.4%
Taylor
45.9%
Polk
45.4%
B. Harrison
44.7%

You're not logged in!

Compare scores with friends on all Sporcle quizzes.
Join for Free
OR
Log In

You Might Also Like...

Show Comments

Extras

Top Quizzes Today


Score Distribution

Your Account Isn't Verified!

In order to create a playlist on Sporcle, you need to verify the email address you used during registration. Go to your Sporcle Settings to finish the process.

Report this User

Report this user for behavior that violates our Community Guidelines.

Details: